000 00611nam a2200193 i 4500
001 35401
003 ES-MaACL
005 20230906155125.0
007 t|
008 030212s1968 sp ||||1| spa d
100 1 _aBosc, Jean.
_930631
245 1 0 _aTeólogos protestantes contemporáneos /
_cJean Bosc, Maurice Carrez, André Dumas ; [tradujo Alfonso Ortiz García].
260 _aSalamanca :
_bSígueme,
_c1968.
300 _a189 p. ;
_c19 cm.
700 1 _aCarrez, Maurice.
_935735
700 1 _aDumas, André.
_945983
700 1 _aOrtiz García, Alfonso.
_987618
852 _aES-MaACL
_jC-51628
_bR.67322
999 _c35401
_d35401